000 00485nam a22001697a 4500
003 BD-DhUL
005 20170322142139.0
008 170320s1912 ii ||||| |||| 00| 0 a d
040 _aBD-DhUL
_cBD-DhUL
082 _a160
_bMUM
100 0 _aملاّحسن
245 1 0 _aمجمو عؤ ستةء ضروريةء ملاحسن /
_cملاّحسن
260 _aديلى :
_bمطبع مجتباى
_c۱۹۱۲۔
300 _aص۔ ۲۷۶ ؛
_c۳۱ سم۔
650 0 _aLogic
942 _2ddc
_cBK
999 _c167081
_d167081